Kresťanstvo a jeho rozšírenie na Slovensku

Bibliographic Details
Main Author: Marsina, Richard, 1923-2021 (Author)
Format: Book
Language:Slovak
PhysicalDescription:30 s., 14 s. príl. 30 cm
Published: Bratislava Metodické centrum mesta Bratislavy 1996
ISBN:8071641618
Subjects:

MARC

LEADER 00000nam a2200000 a 4500
001 vtls001220601
003 SK-MaSNL
005 20260301112538.0
008 240313s1996 xo a r y 0 slo
015 |a SNBA1996/1203267 
020 |a 8071641618  |c (230 výt.) 
035 |a SNK000165442 
035 |a urn:nbn:sk:snk-amltai 
035 |a urn:nbn:sk:snk-am00cbbk 
035 |a 7F84AD15-6354-44B6-A0BC-21651A220A3D 
040 |a SNK  |b slo  |c SNK  |e AACR2 
041 0 |a slo 
044 |a xo  |c SK 
080 |a 26/28(437.6)(072)  |2 1981 
100 1 |a Marsina, Richard,  |d 1923-2021  |4 aut  |9 207406 
245 1 |a Kresťanstvo a jeho rozšírenie na Slovensku  |c Richard Marsina 
260 |a Bratislava  |b Metodické centrum mesta Bratislavy  |c 1996 
300 |a 30 s., 14 s. príl.  |c 30 cm 
650 0 7 |a kresťanstvo  |z Slovensko  |x príručky metodické  |2 SNK  |9 453422 
655 7 |a príručky  |2 SNK  |9 74364 
919 |a 80-7164-161-8 
958 |a OND 
958 |a TL 
958 |a NB 
999 |c 710846  |d 712776 
952 |t P60, <09>, [BOOK], {629}  |a SNK  |b SNK  |y NEVYP  |7 0  |o snkB 953  |i snk3320/960923  |0 0  |1 0  |4 0  |d 1996-09-20  |l 0  |r 2005-01-01 00:00:00  |w 2026-02-23 
952 |t P60, <03>, [BOOK], {603}  |a SNK  |b SNK  |y PREZ  |7 0  |p 17A0010053  |o snkSB 55905  |i snkKSP 7775/96  |0 0  |1 0  |4 0  |d 1996-09-20  |f 1  |l 0  |r 2025-04-02 00:00:00  |w 2026-02-23 
952 |t P60, <04>, [BOOK], {604}  |a SNK  |b SNK  |y VYP  |7 0  |p 17A0010052  |o snkSB 55905 D1  |i snkKSP 7776/96  |0 0  |1 0  |4 0  |d 1996-09-20  |l 0  |r 2005-01-01 00:00:00  |w 2026-02-23